We Know - Hamilton Cast - All Lyrics - Statistics

General Stats
  • This quiz has been taken 43 times
  • The average score is 336 of 381
Answer Stats
Answer % Correct
Burr
97%
Do
97%
do
97%
don't
97%
go
97%
Ha!
97%
I
97%
If
97%
know
97%
never
97%
No
97%
that
97%
the
97%
The
97%
We
97%
we
97%
Ya
97%
ya
97%
you
97%
You
97%
a
94%
again
94%
against
94%
Alexander,
94%
all,
94%
An
94%
And
94%
and
94%
anything
94%
As
94%
asking
94%
at
94%
can
94%
even
94%
happened
94%
have
94%
have?
94%
How
94%
in
94%
is
94%
Is
94%
it
94%
letter
94%
Madison
94%
me
94%
me,
94%
Mr.
94%
not
94%
room
94%
see
94%
see,
94%
So?
94%
tell
94%
this?
94%
this
94%
To
94%
to
94%
to"
94%
use
94%
was
94%
What
94%
what
94%
What?!
94%
where
94%
who
94%
won't
94%
your
94%
you’re
94%
another
91%
Are
91%
are
91%
bed
91%
both
91%
broke
91%
confess
91%
Confess
91%
done?
91%
done
91%
else
91%
good
91%
health
91%
law
91%
money
91%
my
91%
My
91%
of
91%
on
91%
one
91%
people
91%
promise
91%
prove
91%
saw?
91%
She
91%
she
91%
Sir,
91%
soul
91%
That's
91%
that's
91%
Um,
91%
unless
91%
Unless
91%
when
91%
wife
91%
yes?
91%
yes
91%
Yes,
91%
answers
88%
But
88%
"Dear
88%
decided
88%
finds
88%
for
88%
from
88%
God
88%
him
88%
hope
88%
James
88%
next
88%
nothing,
88%
nothing
88%
paid
88%
position
88%
Reynolds
88%
satisfaction?
88%
their
88%
toe
88%
toe?
88%
back
84%
career
84%
check
84%
Check
84%
down
84%
enough
84%
headline,
84%
like
84%
luck
84%
pockets
84%
President
84%
put
84%
saved
84%
Senator
84%
sent
84%
shame
84%
some
84%
son
84%
time
84%
way
84%
wealth
84%
word
84%
accounts
81%
Almost
81%
almost
81%
amounts
81%
apply
81%
daughter
81%
escorted
81%
fine
81%
I'd
81%
immigrant
81%
mine
81%
name
81%
prosperous
81%
situation
81%
Though
81%
Vice
81%
virtue
81%
action
78%
after
78%
cent
78%
come
78%
committed
78%
corner
78%
different
78%
dogs
78%
extorted
78%
funds
78%
government
78%
provoke
78%
rumors
78%
run
78%
scent,
78%
1791
75%
best
75%
by
75%
courted
75%
dollars,
75%
gain,
75%
grow
75%
had
75%
kept
75%
legal
75%
let's
75%
only
75%
our
75%
reasons
75%
spent
75%
thousand
75%
treason
75%
wasn't
75%
embezzling
72%
every
72%
evidence
72%
financial
72%
orderly
72%
quarterly
72%
consistency
69%
g'wan
69%
history
69%
list
69%
papers
69%
record
69%
seek
69%
situated
69%
speculation
69%
uniquely
69%
Gentlemen,
66%
may
66%
sacred
66%
separate
66%
suggests
66%
sullied
66%
engaged
63%
stray
63%
stubs
63%
you've
63%
prospects
59%
wounded
56%
fee,
53%
mission
50%
mortally
47%
checkered
31%
sordid
31%
No matching quizzes found
Score Distribution
Percent of People with Each Score
Percentile by Number Answered
Your Score History
You have not taken this quiz